The Boys: Members of The Seven by Picture - Statistics

General Stats
  • This quiz has been taken 464 times
  • The average score is 12 of 18
Answer Stats
Picture Hint Answer % Correct
Current Homelander/John
100%
Current A-Train/Reggie Franklin
98%
Former Starlight/Annie January
98%
Current The Deep/Kevin Moskowitz
98%
Current Black Noir/Earving
97%
Former Queen Maeve/Maggie Shaw
93%
Former Stormfront/Klara Risinger
92%
Former Translucent/Schecht
87%
Current Firecracker
81%
Current Sister Sage/Jessica Bradley
78%
Former Lamplighter
75%
Former Supersonic/Alex
58%
Failed to Join Shockwave
46%
Failed to Join Golden Boy/Luke Riordan
37%
Failed to Join Blindspot
30%
Failed to Join Silver Kincaid/Grace Wilhelm
7%
Failed to Join Livewire
4%
Failed to Join Moonshadow
3%
No matching quizzes found
Score Distribution
Percent of People with Each Score
Percentile by Number Answered
Your Score History
You have not taken this quiz